Normal view
MARC view
Entry Personal Name
001 - CONTROL NUMBER
- control field: 87967
003 - CONTROL NUMBER IDENTIFIER
- control field: dpl
005 - DATE AND TIME OF LATEST TRANSACTION
- control field: 20260301155243.0
008 - FIXED-LENGTH DATA ELEMENTS
- fixed length control field: 260301|| aca||aabn | a|a d
040 ## - CATALOGING SOURCE
- Original cataloging agency: dpl
- Transcribing agency: dpl
100 ## - HEADING--PERSONAL NAME
- Personal name: Carter, Ronald
670 ## - SOURCE DATA FOUND
- Source citation: Work cat.: (dpl)215139: Carter, Ronald , The Routledge History of Literature in English: , 2012
